Insect behavior (Record no. 30631)

MARC details
000 -LEADER
fixed length control field 00330nam a2200133Ia 4500
082 ## - DEWEY DECIMAL CLASSIFICATION NUMBER
Classification number 595.7:591.51
Item number MAT
100 ## - MAIN ENTRY--AUTHOR NAME
Personal name Matthew, Robert W
245 #0 - TITLE STATEMENT
Title Insect behavior
260 ## - PUBLICATION, DISTRIBUTION, ETC. (IMPRINT)
Place of publication New York
Name of publisher John Wiley
Year of publication 1978
650 ## - SUBJECT ADDED ENTRY--TOPICAL TERM
Topical Term Insects
700 ## - ADDED ENTRY--PERSONAL NAME
Personal name Matthews, Janice R
942 ## - ADDED ENTRY ELEMENTS (KOHA)
Koha item type Books
Holdings
Withdrawn status Lost status Damaged status Not for loan Home library Current library Date acquired Full call number Accession Number Koha item type
        RRII Library RRII Library 16/12/2021 595.7:591.51 MAT 11202 Books